Представление документа в формате MARC21

Поле Инд. ПП Название Значение
Тип записи a
Библиографический уровень b
001 Контрольный номер RU/IS/BASE/102770188
005 Дата корректировки 20200526074541.1
084 a Индекс другой классификации/Индекс ББК 74.480.28с5
100 1_ a Автор Алешин Л. И.
245 _0 a Заглавие Контроль знаний без традиционных оценок как элемент совершенствования методов обучения
500 a Примечание В рубрике "Преподавателю социально-гуманитарных дисциплин"
504 a Библиография Библиогр.: с. 114
650 a Основная рубрика высшее образование
a Основная рубрика дидактика
a Основная рубрика образование
a Основная рубрика профессиональное образование
a Основная рубрика средства обучения
653 a Ключевые слова информатизация образования
a Ключевые слова информационные технологии
a Ключевые слова компьютеризация образования
a Ключевые слова компьютерные технологии
a Ключевые слова контроль знаний
a Ключевые слова методы обучения
a Ключевые слова методы оценки знаний
a Ключевые слова модернизация образования
a Ключевые слова образовательная политика
a Ключевые слова оценка знаний
a Ключевые слова проверка знаний
a Ключевые слова Россия
a Ключевые слова система образования
a Ключевые слова система обучения
773 t Заглавие источника Социально-гуманитарные знания
d Дата издания источника 2003
g Прочая информация № 1. - С. 106 - 114
w Контрольный № источника RU/IS/BASE/101491030
901 t Тип документа b